=LDR 00000nam 2200000 4500 =001 000788 =005 20250711111537 =035 ##$$a 0010-0725000657 =007 ta =008 250711################a##########0#ind## =020 ##$$a 978-623-307-142-0 =082 ##$$a 398.209 598 =084 ##$$a 398.209 598 NIL t =100 #$$a Nilandari, Ary =245 1#$$a Tutu Banting Pintu /$c Ary Nilandari =250 ##$$a Cetakan Pertama =260 ##$$a Jakarta :$b Badan Pengembangan dan Pembinaan Bahasa,$c 2024 =300 ##$$a 24 hlm. : $b ilus. ; $c 21 cm =650 #4$$a Cerita Anak-Indonesia =650 #4$$a Literasi-Bahan Bacaan =856 ##$$a TBM As Suhada =990 ##$$a TBM202400718